| 000 | 00350nam a2200145Ia 4500 | ||
|---|---|---|---|
| 008 | 100122s9999 xx 000 0 und d | ||
| 082 |
_b68853 _a824 |
||
| 100 | _aMENEZES GEORGE | ||
| 245 | _aSUGAR AND SPICE | ||
| 260 |
_bBETTER YOUR SELF BOOKS _c2005 |
||
| 300 | _a185 | ||
| 630 | _aSUGAR AND SPICE | ||
| 730 | _aSUGAR AND SPICE | ||
| 942 | _cBOOK | ||
| 999 |
_c381509 _d381506 |
||